| 000 | 01500 a2200301 4500 | ||
|---|---|---|---|
| 003 | Nust | ||
| 005 | 20220725114654.0 | ||
| 010 | _a 97081247 | ||
| 020 | _a0782122205 | ||
| 035 | _a(OCoLC)38556080 | ||
| 040 | _cNust | ||
| 082 | 0 | 0 | _a005.43,CHE |
| 100 | 1 |
_aChellis, James. _994344 |
|
| 245 | 1 | 0 |
_aMCSE. _pMCSNetworking essentials study guide / _cJames Chellis, Charles Perkins, Matthew Strebe. |
| 246 | 3 | 0 | _aNetworking essentials study guide |
| 250 |
_a2nd ed. _b (Include CD) |
||
| 260 |
_aSan Francisco : _bNetwork Press, _cc1998. |
||
| 300 |
_axxxi, 683 p. : _bill. ; _c24 cm. + _e2 computer laser optical discs (4 3/4 in.) |
||
| 505 | _aAn introduction to networks (Page-1), Networks components (Page-63), The theoretical network (Page-121), Real-world networks (Page-161), Designing the local area network (Page-209), Configuring the network server (Page-239), Configuring network clients (Page-283), Administering your network (Page-321), Remote access (Page-363), Expanding networks (Page-389), Wide area networks (Page-419), The basics of network troubleshooting (Page-457), Major protocol suites (Page-495) | ||
| 650 | 0 |
_aComputer networks _xManagement _xExaminations _994865 |
|
| 650 | 0 |
_aOperating systems (Computers) _xExaminations _994866 |
|
| 650 | 0 |
_aTelecommunications engineers _xCertification. _994256 |
|
| 651 |
_a(Include CD) _98953 |
||
| 700 | 1 |
_aPerkins, Charles _d1969- _994862 |
|
| 700 | 1 |
_aStrebe, Matthew. _994863 |
|
| 710 | 2 |
_aSybex Inc. _994867 |
|
| 942 |
_cREF _2ddc |
||
| 999 |
_c188259 _d188259 |
||